Passeports par image - Statistiques

Statistiques générales
  • Ce quiz a été pris 165 fois
  • Le résultat moyen est 9 sur 15
Statistiques - réponses
Par images Réponse % Correct
France
93%
Israël
78%
Iran
76%
Kosovo
72%
Corée du Sud
71%
Royaume-Uni
70%
Italie
64%
Mongolie
60%
Chine
58%
Inde
58%
Etats-Unis
57%
Éthiopie
55%
Pologne
55%
Nouvelle-Zélande
27%
Arménie
23%
Aucun quiz correspondant
Distribution des résultats
% des personnes avec chaque résultat
Percentile par nombre de réponses
Votre historique - résultats
Vous n’avez pas pris ce quiz